Undesirable immigrants (Registro nro. 52780)
[ vista simple ]
| 000 -CABECERA | |
|---|---|
| Longitud fija campo de control | 03012nam a2200349 4500 |
| 001 - NÚMERO DE CONTROL | |
| Número de control | 52780 |
| 003 - IDENTIFICADOR DE NÚMERO DE CONTROL | |
| Identificador del número de control | ES-MaCES |
| 005 - FECHA Y HORA DE LA ÚLTIMA TRANSACCIÓN | |
| Fecha y hora de la última transacción | 20250203133355.0 |
| 008 - CAMPO FIJO DE DESCRIPCIÓN FIJA--INFORMACIÓN GENERAL | |
| Códigos de información de longitud fija | 230526s2022 us |||||||||||||||||eng|d |
| 020 ## - ISBN (INTERNATIONAL STANDARD BOOK NUMBER) | |
| Número Internacional Normalizado para Libros (ISBN) | 9780691238746 |
| 040 ## - FUENTE DE CATALOGACIÓN | |
| Centro catalogador de origen | ES-MaCES |
| Lengua de catalogación | spa |
| Centro transcriptor | ES-MaCES |
| 100 1# - ENCABEZAMIENTO PRINCIPAL--NOMBRE PERSONAL | |
| 9 (RLIN) | 40710 |
| Nombre de persona | Rosenberg, Andrew S. |
| 245 10 - MENCIÓN DE TÍTULO | |
| Título | Undesirable immigrants |
| Resto del título | : why racism persists in international migration |
| Mención de responsabilidad, etc. | Andrew S. Rosenberg |
| 260 ## - PUBLICACIÓN, DISTRIBUCIÓN, ETC (PIE DE IMPRENTA) | |
| Lugar de publicación, distribución, etc. | Princenton |
| -- | ; Oxford |
| Nombre del editor, distribuidor, etc. | Princenton University Press |
| Fecha de publicación, distribución, etc. | [2022] |
| 300 ## - DESCRIPCIÓN FÍSICA | |
| Extensión | XXII, 359 p. |
| Dimensiones | 24 cm |
| 490 1# - MENCIÓN DE SERIE | |
| Mención de serie | Princeton studies in international history and politics |
| 500 ## - NOTA GENERAL | |
| Nota general | Índices |
| 504 ## - NOTA DE BIBLIOGRAFÍA, ETC. | |
| Nota de bibliografía, etc. | Bibliografía: p. 309-344 |
| 520 3# - RESUMEN, ETC. | |
| Sumario, etc, | Cómo el legado racista del colonialismo da forma a la migración mundial<br/>La Ley de Inmigración y Nacionalidad de 1965 puso fin oficialmente al prejuicio explícito en la política de inmigración estadounidense que comenzó con la restricción de 1790 sobre la naturalización para liberar a las personas blancas de "buen carácter". Para la década de 1980, el resto del mundo angloeuropeo había seguido su ejemplo, eliminando el lenguaje discriminatorio de sus leyes de inmigración y logrando lo que muchos creen que es un sistema internacional daltónico. Inmigrantes indeseables desafía esta noción, revelando cómo la desigualdad racial persiste en la migración global a pesar del fin de las leyes formalmente racistas.<br/>En este libro revelador, Andrew Rosenberg argumenta que, si bien los líderes de hoy afirman que sus políticas son objetivas y solo buscan restringir a los inmigrantes obviamente peligrosos, estas políticas aún están correlacionadas con la raza. Rastrea cómo el colonialismo y la supremacía blanca catalizaron la violencia y sabotearon las instituciones en todo el mundo, y cómo este legado histórico ha producido inmigrantes que las antiguas potencias imperiales y sus aliados ahora consideran no aptos para ingresar. Rosenberg muestra cómo los estados poscoloniales permanecen incrustados en una cultura occidental que les exige desempeñar continuamente su condición de estado, y cómo el cierre y vigilancia de las fronteras internacionales se ha convertido en un símbolo importante de soberanía, que impone restricciones más severas a los inmigrantes no blancos.<br/>Basándose en una gran cantidad de evidencia cuantitativa original, Inmigrantes indeseables demuestra que no podemos abordar los desafíos de la migración internacional sin aceptar la brutal historia del colonialismo |
| 541 ## - NOTA DE LA FUENTE INMEDIANTE DE ADQUISICIÓN | |
| Forma de adquisición | Compra |
| 650 #4 - ASIENTO SECUNDARIO DE MATERIA--TÉRMINO DE MATERIA | |
| 9 (RLIN) | 27119 |
| Término de materia o nombre geográfico como elemento inicial | colonialismo |
| 650 #4 - ASIENTO SECUNDARIO DE MATERIA--TÉRMINO DE MATERIA | |
| 9 (RLIN) | 30732 |
| Término de materia o nombre geográfico como elemento inicial | evaluación del impacto |
| 650 #4 - ASIENTO SECUNDARIO DE MATERIA--TÉRMINO DE MATERIA | |
| 9 (RLIN) | 29805 |
| Término de materia o nombre geográfico como elemento inicial | migración internacional |
| 650 #4 - ASIENTO SECUNDARIO DE MATERIA--TÉRMINO DE MATERIA | |
| 9 (RLIN) | 29183 |
| Término de materia o nombre geográfico como elemento inicial | política migratoria |
| 650 #4 - ASIENTO SECUNDARIO DE MATERIA--TÉRMINO DE MATERIA | |
| 9 (RLIN) | 27190 |
| Término de materia o nombre geográfico como elemento inicial | discriminación racial |
| 650 #4 - ASIENTO SECUNDARIO DE MATERIA--TÉRMINO DE MATERIA | |
| 9 (RLIN) | 27251 |
| Término de materia o nombre geográfico como elemento inicial | historia |
| 653 10 - TÉRMINO DE INDEXACIÓN--NO CONTROLADO | |
| Término no controlado | Ciencias Sociales-Políticas |
| 710 2# - ENCABEZAMIENTO SECUNDARIO--NOMBRE CORPORATIVO | |
| 9 (RLIN) | 4853 |
| Nombre de entidad o nombre de jurisdicción como elemento inicial | Princeton University |
| Término indicativo de función | ed. |
| 830 #0 - ENCABEZAMIENTO SECUNDARIO DE COLECCIÓN--TÍTULO UNIFORME | |
| 9 (RLIN) | 40818 |
| Título uniforme | Princeton studies in international history and politics |
| 902 ## - CES. TIPO DE DOCUMENTO | |
| Tipodoc (006$c Sirtex) | LIB Libro |
| 942 ## - ELEMENTOS KOHA | |
| Fuente de clasificaión o esquema | Clasificación propia del CES |
| Koha [por defecto] tipo de item | Monografías |
| Parte de clasificación | Ciencias Sociales Politicas Empresariale |
| Número de registro | Signatura completa | Tipo de item de Koha |
|---|---|---|
| 093098 | SG-7.0.-682 | Monografías |
